| 000 | 01189cam a2200301 4500 | ||
|---|---|---|---|
| 008 | 030702n2004 000 0 eng u | ||
| 020 | _a0471493821 | ||
| 035 | _a(Sirsi) u122876 | ||
| 041 | _aeng | ||
| 050 |
_a628.922 _c22 |
||
| 050 |
_a693.82 _c18 |
||
| 100 | _aRasbash, D. | ||
| 245 | _aEvaluation of fire safety | ||
| 260 |
_aChichester _bWiley _c2004 |
||
| 300 |
_axiii, 479p. _c26cm. |
||
| 350 | _a85 | ||
| 520 | _aThis comprehensive textbook on fire safety is divided into three main sections. Part one looks at fire safety in the community, the fire safety system, requirements for public and private authorities, and several major fire and explosion disasters. Part two focuses on quantifying fire safety, with reference to physical and statistical data. Part three provides detailed coverage of various methods of measuring fire safety. | ||
| 650 | _aMANAGEMENT-HEALTH AND SAFETY-FIRE SAFETY | ||
| 650 | _aFIRE PREVENTION | ||
| 650 | _aFIRE PROTECTION ENGINEERING | ||
| 650 | _aFIRE RISK ASSESSMENT | ||
| 690 |
_aHealth and safety _96244 |
||
| 700 | _aRamachandran, G. | ||
| 700 | _aKandola, B. | ||
| 700 | _aWatts, J. | ||
| 700 | _aLaw, M. | ||
| 942 | _n0 | ||
| 999 |
_c102953 _d102953 |
||